Pakistan penal code (Record no. 283407)
[ view plain ]
| 000 -LEADER | |
|---|---|
| fixed length control field | 00226 a2200097 4500 |
| 001 - CONTROL NUMBER | |
| control field | 48334 |
| 090 ## - LOCALLY ASSIGNED LC-TYPE CALL NUMBER (OCLC); LOCAL CALL NUMBER (RLIN) | |
| -- | 31279 |
| -- | 31279 |
| 100 ## - MAIN ENTRY--PERSONAL NAME | |
| Personal name | Fazal-i-Haq |
| 245 ## - TITLE STATEMENT | |
| Title | Pakistan penal code |
| 260 ## - PUBLICATION, DISTRIBUTION, ETC. | |
| Place of publication, distribution, etc. | Lahore |
| Name of publisher, distributor, etc. | All Pakistan legal decision |
| Date of publication, distribution, etc. | |
| 942 ## - ADDED ENTRY ELEMENTS (KOHA) | |
| Institution code [OBSOLETE] | NUST-CAE |
| Koha item type | |
| -- | |
| Withdrawn status | Lost status | Damaged status | Not for loan | Collection code | Permanent Location | Current Location | Date acquired | Total Checkouts | Barcode | Date last seen | Price effective from | Koha item type |
|---|---|---|---|---|---|---|---|---|---|---|---|---|
| College of Aeronautical Engineering (CAE) | College of Aeronautical Engineering (CAE) | 04/03/2017 | CAE44342 | 04/05/2017 | 04/05/2017 | Book |
